| 000 | 00483nam a2200181 a 4500 | ||
|---|---|---|---|
| 001 | 14020 | ||
| 005 | 20180713202448.0 | ||
| 008 | 140415s1982 mx 000 0 spa d | ||
| 041 | _aspa | ||
| 082 |
_a306 _bBLO |
||
| 100 | 1 | _aBLOCH, ARTHUR | |
| 245 | 1 | 0 | _aLEY DE MURPHY Y OTRAS RAZONES PORQUE LAS COSAS SALEN MAL |
| 250 | _a1a ed. | ||
| 260 |
_aMEXICO : _bDIANA, _c1982 |
||
| 300 | _a127 | ||
| 650 | 1 | 4 | _aANTROPOLOGIA SOCIAL |
| 700 | 1 |
_aARCE RINCON, MANUEL _etr. |
|
| 999 |
_c14020 _d14020 |
||